|
|
|
|
| LEADER |
02009nam a2200553 i 4500 |
| 001 |
nkc20183021881 |
| 003 |
CZ PrNK |
| 005 |
20220712131909.0 |
| 007 |
ta |
| 008 |
180919s2018 xr a e p 000 | cze |
| 015 |
|
|
|a cnb003021881
|
| 020 |
|
|
|a 978-80-246-3823-2
|q (brožováno)
|
| 035 |
|
|
|a (OCoLC)1056247793
|
| 040 |
|
|
|a ABA001
|b cze
|e rda
|
| 072 |
|
7 |
|a 616
|x Patologie. Klinická medicína
|2 Konspekt
|9 14
|
| 072 |
|
7 |
|a 37.016
|x Učební osnovy. Vyučovací předměty. Učebnice
|2 Konspekt
|9 22
|
| 080 |
|
|
|a 616.12-008.46
|2 MRF
|
| 080 |
|
|
|a 616-07
|2 MRF
|
| 080 |
|
|
|a 616-08
|2 MRF
|
| 080 |
|
|
|a (075.8)
|2 MRF
|
| 100 |
1 |
|
|a Málek, Filip,
|d 1966-
|7 xx0105488
|4 aut
|
| 245 |
1 |
0 |
|a Srdeční selhání /
|c Filip Málek, Ivan Málek
|
| 250 |
|
|
|a Vydání druhé
|
| 264 |
|
1 |
|a Praha :
|b Univerzita Karlova, nakladatelství Karolinum,
|c 2018
|
| 300 |
|
|
|a 84 stran :
|b ilustrace ;
|c 23 cm
|
| 336 |
|
|
|a text
|b txt
|2 rdacontent
|
| 337 |
|
|
|a bez média
|b n
|2 rdamedia
|
| 338 |
|
|
|a svazek
|b nc
|2 rdacarrier
|
| 490 |
1 |
|
|a Učební texty Univerzity Karlovy
|
| 500 |
|
|
|a V roce 2022 1. dotisk
|
| 504 |
|
|
|a Obsahuje bibliografii
|
| 650 |
0 |
7 |
|a srdeční selhání
|7 ph126002
|2 czenas
|
| 650 |
0 |
7 |
|a diagnostika (lékařství)
|7 ph114312
|2 czenas
|
| 650 |
0 |
7 |
|a terapie
|7 ph116435
|2 czenas
|
| 650 |
0 |
9 |
|a heart failure
|2 eczenas
|
| 650 |
0 |
9 |
|a medical diagnostics
|2 eczenas
|
| 650 |
0 |
9 |
|a therapy
|2 eczenas
|
| 655 |
|
7 |
|a učebnice vysokých škol
|7 fd133772
|2 czenas
|
| 655 |
|
9 |
|a textbooks (higher)
|2 eczenas
|
| 700 |
1 |
|
|a Málek, Ivan,
|d 1942-
|7 nlk20030129885
|4 aut
|
| 710 |
2 |
|
|a Univerzita Karlova
|7 kn20010710036
|4 isb
|
| 810 |
2 |
|
|a Univerzita Karlova.
|t Učební texty
|0 s
|
| 910 |
2 |
|
|a BOA001
|b 2-1414.210
|
| 928 |
9 |
|
|a Karolinum
|
| 990 |
|
|
|a BK
|
| 995 |
|
|
|a 01
|
| 991 |
|
|
|b 201809
|c NOV
|
| 996 |
6 |
|
|b 2610754737
|c 2-1414.210
|l MZK
|r Sklad / do 1 hodiny
|n 1
|p p.v.
|w 001686470
|u 000010
|a 1
|e BOA001
|j MZK50
|s P
|
| 996 |
7 |
|
|b 2610756327
|c 2-1414.210
|l MZK
|r Sklad / do 1 hodiny
|n 2
|p kup
|w 001686470
|u 000020
|a 1
|e BOA001
|j MZK50
|s A
|